000 00551nam a22001937a 4500
005 20190701112300.0
008 190701b xxu||||| |||| 00| 0 eng d
020 _a9780198701774
_cRs. 250.00
040 _aLoreto College
041 _aEnglish
082 _a791.43
_bNOW
100 _aNowell-Smith, Geoffrey
245 _aThe history of cinema
_bA very short introduction
_cGeoffrey Nowell-Smith
260 _aOxford
_bOxford University Press
_c2017
300 _a119 p.
_b22 cm.
650 _aFilm Studies
850 _aLCLIB
942 _cBK
999 _c42138
_d92617